000 01321nam a22003737a 4500
003 CHAP
005 20220329133433.0
008 971013s1987 r 00010 d
010 _a6355
011 _a7327
035 _a6550
040 _cCHAP
090 _aTesis
100 0 0 _aCermeño, Carlos.
_921513
245 _aAnálisis agropecuario y forestal de la Comarca Lagunera y áreas vecinas de Durango, Zacatecas y Chihuahua
_b: El Programa de Desarrollo Regional (P.D.R.) en el municipio de Mapimí, Dgo.
260 _aCd. Lerdo, Dgo. :
_bEl autor,
_c1987
300 _a90 h.
_b; mapas
500 _a61-252
502 _aTesis (Ing. Agr. General) -- UACH. Departamento de Zonas Aridas
590 _aALEPH
_b10
_c20130110
_lUCH01
_h1218
590 _aBATCH-UPD
_b10
_c20130110
_lUCH01
_h1037
590 _aBATCH-UPD
_b10
_c20130410
_lUCH01
_h0638
590 _aBATCH-UPD
_b10
_c20130914
_lUCH01
_h1840
590 _aCONVERSION
_b10
_c20130109
_lUCH01
_h1305
650 1 4 _aAgricultura
_xComarca Lagunera.
_91371
650 1 4 _aAgricultura
_xDurango.
_91407
650 1 4 _aAgricultura
_xZacatecas.
_91905
650 1 4 _aBosques
_xComarca Lagunera.
_914114
650 1 4 _aBosques
_xDurango.
_914128
650 1 4 _aBosques
_xZacatecas.
_914412
901 _aBK
942 _cTESIS
949 _bBC
_cTES
_d-16157
_eTS1
_h25499
_i6550
_si
999 _c6355
_d6355